Exploring strategy / (Record no. 28477)

MARC details
000 -LEADER
fixed length control field 01908cam a22004095i 4500
001 - CONTROL NUMBER
control field 21194020
003 - CONTROL NUMBER IDENTIFIER
control field EG-ScBUE
005 - DATE AND TIME OF LATEST TRANSACTION
control field 20200812115923.0
008 - FIXED-LENGTH DATA ELEMENTS--GENERAL INFORMATION
fixed length control field 190905s2020 enka f b 001 0 eng d
020 ## - INTERNATIONAL STANDARD BOOK NUMBER
International Standard Book Number 9781292282459
040 ## - CATALOGING SOURCE
Original cataloging agency DLC
Language of cataloging eng
Description conventions rda
Transcribing agency DLC
Modifying agency EG-ScBUE
082 04 - DEWEY DECIMAL CLASSIFICATION NUMBER
Classification number 658.4012
Item number WHI
Edition number 22
100 1# - MAIN ENTRY--PERSONAL NAME
Personal name Whittington, Richard,
Dates associated with a name 1958-
Relator term author.
240 10 - UNIFORM TITLE
Uniform title <a href="Exploring corporate strategy">Exploring corporate strategy</a>
245 10 - TITLE STATEMENT
Title Exploring strategy /
Statement of responsibility, etc Richard Whittington, Said Business School, University of Oxford [and four other] ; with the assistance of Jason Evans, Clive Kerridge.
250 ## - EDITION STATEMENT
Edition statement Twelfth Edition.
264 #1 - PUBLICATION, DISTRIBUTION, ETC. (IMPRINT)
Place of publication, distribution, etc Harlow, UK :
Name of publisher, distributor, etc Pearson Education,
Date of publication, distribution, etc 2020.
300 ## - PHYSICAL DESCRIPTION
Extent xxvii, 809 pages ;
Dimensions 28 cm
336 ## - CONTENT TYPE
Content type term text
Content type code txt
Source rdacontent
337 ## - MEDIA TYPE
Media type term unmediated
Media type code n
Source rdamedia
338 ## - CARRIER TYPE
Carrier type term volume
Carrier type code nc
Source rdacarrier
504 ## - BIBLIOGRAPHY, ETC. NOTE
Bibliography, etc Includes bibliographical references and index.
520 ## - SUMMARY, ETC.
Summary, etc "We are delighted to offer this twelfth edition of Exploring Strategy. With sales of previous editions now well over one million worldwide, we believe we have a tried and tested product. Yet the strategy field is constantly changing. For this edition, therefore, we have thoroughly refreshed all chapters, with new concepts, new cases and new examples throughout. Here we would like to highlight three principal changes, while recalling some of the classic features of the book"--
Assigning source Provided by publisher.
650 #0 - SUBJECT ADDED ENTRY--TOPICAL TERM
Topical term or geographic name as entry element Business planning.
650 #0 - SUBJECT ADDED ENTRY--TOPICAL TERM
Topical term or geographic name as entry element Strategic planning.
650 #0 - SUBJECT ADDED ENTRY--TOPICAL TERM
Topical term or geographic name as entry element Business planning
Form subdivision Case studies.
650 #0 - SUBJECT ADDED ENTRY--TOPICAL TERM
Topical term or geographic name as entry element Strategic planning
Form subdivision Case studies.
653 ## - INDEX TERM--UNCONTROLLED
Resource For college Communication and mass media
Arrived date list July2020
655 ## - INDEX TERM--GENRE/FORM
Form subdivision Reading book
9 (RLIN) 34232
700 1# - ADDED ENTRY--PERSONAL NAME
Personal name Regner, Patrick,
Relator term author.
700 1# - ADDED ENTRY--PERSONAL NAME
Personal name Angwin, Duncan,
Relator term author.
700 1# - ADDED ENTRY--PERSONAL NAME
Personal name Johnson, Gerry,
Relator term author.
700 1# - ADDED ENTRY--PERSONAL NAME
Personal name Scholes, Kevan,
Relator term author.
700 1# - ADDED ENTRY--PERSONAL NAME
Personal name Evans, Jason,
Relator term editor.
700 1# - ADDED ENTRY--PERSONAL NAME
Personal name Kerridge, Clive,
Relator term editor.
9 (RLIN) 35110
942 ## - ADDED ENTRY ELEMENTS (KOHA)
Source of classification or shelving scheme Dewey Decimal Classification
Koha item type Book - Borrowing
Holdings
Withdrawn status Lost status Source of classification or shelving scheme Damaged status Not for loan Collection code Home library Current library Shelving location Date acquired Source of acquisition Total Checkouts Full call number Barcode Date last seen Price effective from Koha item type
    Dewey Decimal Classification     Baccah Central Library Central Library First floor 05/07/2020 Purchase   658.4012 WHI 000049247 15/07/2025 05/07/2020 Book - Borrowing